Sociální procesy Metodologické otázky zkoumání dialektiky společenského vývoje

Saved in:
Bibliographic Details
Main Author: Zich, František
Format: Book
Language:Czech
Published: Praha Svoboda 1986
Edition:1. vyd.
Series:Sociologická knižnice
Tags: Add Tag
No Tags, Be the first to tag this record!

MARC

LEADER 00000nam a2200000 4500
001 c022330
005 20230105083728.1
041 0 |a cze 
044 |a CZ 
245 1 0 |a Sociální procesy  |b Metodologické otázky zkoumání dialektiky společenského vývoje  |c František Zich 
250 |a 1. vyd. 
264 1 |a Praha  |b Svoboda  |c 1986 
300 |a 273 s. 
490 1 |a Sociologická knižnice 
830 0 |a Sociologická knižnice 
100 1 |a Zich, František